000 00224nam a2200097Ia 4500
008 190216s9999||||xx |||||||||||||| ||und||
100 _aSomerst Maugham W
245 2 _aA Collected Short Stories
260 _bNull
942 _cBK
999 _c12656
_d12656